Путин. Его идеология

Библиографические подробности
Главный автор: Чадаев А. Алексей
Примечания:Первая попытка разбора идеологии Президента Владимира Путина, опирающаяся на его действия и слова. Алексей Чадаев - известный интеллектуал, член Общественной палаты - исследует доктрину лидера, повлиявшую на чувства нации больше, чем на ее поведение. История смены ролей, от «президента надежд» - к лидеру строительства новой нации. Тексты путинских посланий и их смысловой анализ дополняют авторский текст. Книга рассчитана на специалистов и изучающих политическую науку. Рекомендуется для систем партийной учебы.
Язык:русский
Опубликовано: Москва, Европа, 2006
Серии:Идеологии
Предметы:
Формат: Книга
Запись в KOHA:https://koha.lib.tpu.ru/cgi-bin/koha/opac-detail.pl?biblionumber=97780

MARC

LEADER 00000nam0a2200000 4500
001 97780
005 20231031111108.0
010 |a 5973900401 
035 |a (RuTPU)RU\TPU\book\104816 
090 |a 97780 
100 |a 20060605d2006 km y0rusy50 ca 
101 0 |a rus 
102 |a RU 
105 |a a z 000zb 
200 1 |a Путин. Его идеология  |f А. Чадаев 
210 |a Москва  |c Европа  |d 2006 
215 |a 232 с.  |c ил. 
225 1 |a Идеологии 
330 |a Первая попытка разбора идеологии Президента Владимира Путина, опирающаяся на его действия и слова. Алексей Чадаев - известный интеллектуал, член Общественной палаты - исследует доктрину лидера, повлиявшую на чувства нации больше, чем на ее поведение. История смены ролей, от «президента надежд» - к лидеру строительства новой нации. Тексты путинских посланий и их смысловой анализ дополняют авторский текст. Книга рассчитана на специалистов и изучающих политическую науку. Рекомендуется для систем партийной учебы. 
600 1 |a Путин  |g Владимир Владимирович  |b В. В.  |c российский государственный деятель  |c президент РФ  |f 1952-  |2 stltpui  |3 (RuTPU)RU\TPU\pers\988 
606 1 |a Государственные и политические деятели Российской Федерации  |x Внутренняя политика  |x Персоналии  |2 stltpush  |3 (RuTPU)RU\TPU\subj\68275 
610 1 |a политика 
610 1 |a идеология 
610 1 |a государство 
610 1 |a управление 
610 1 |a суверенитет 
610 1 |a демократия 
610 1 |a качество жизни 
686 |a Ф3(2)8  |v LBC/SL-A  |2 rubbk 
700 1 |a Чадаев  |b А.  |g Алексей 
801 1 |a RU  |b 63413507  |c 20060605  |g PSBO 
801 2 |a RU  |b 63413507  |c 20140203  |g PSBO 
942 |c BK 
959 |a 43/20060605  |d 1  |e 199,90  |f ЧЗГЛ:1